| 000 | 00384nam a2200121Ia 4500 | ||
|---|---|---|---|
| 005 | 20260326235457.0 | ||
| 008 | 260326s9999||||xx |||||||||||||| ||und|| | ||
| 100 | _aBorrero, Alfonso | ||
| 245 | 0 |
_aRestauración de la Quinta de San Pedro Alejandrino, Santa Marta / _cAlfonso Borrero |
|
| 260 | _bUniversidad Pontificia Bolivariana | ||
| 650 | _aCONSERVACIÓN Y RESTAURACIÓN | ||
| 942 | _cBK | ||
| 999 |
_c7949 _d7949 |
||